书目信息 |
| 题名: |
企业定额编制原理与实务
|
|
| 作者: | 袁建新 编著 | |
| 分册: | ||
| 出版信息: | 北京 中国建筑工业出版社 2003.05 |
|
| 页数: | 164页 | |
| 开本: | 20cm | |
| 丛书名: | ||
| 单 册: | ||
| 中图分类: | F273 | |
| 科图分类: | ||
| 主题词: | 企业管理--qi ye guan li--定额--编制 | |
| 电子资源: | ||
| ISBN: | 7-112-06080-X | |
| 000 | 00829nam0 2200241 450 | |
| 001 | 012008529609 | |
| 005 | 20080126150946.35 | |
| 010 | @a7-112-06080-X@dCNY10.00 | |
| 100 | @a20080126d2003 em y0chiy0120 ea | |
| 101 | 0 | @achi |
| 102 | @aCN@b110000 | |
| 105 | @aa a 000yy | |
| 106 | @ar | |
| 200 | 1 | @a企业定额编制原理与实务@Aqi ye ding e bian zhi yuan li yu shi wu@f袁建新编著@Fyuan jian xin bian zhu |
| 210 | @a北京@c中国建筑工业出版社@d2003.05 | |
| 215 | @a164页@c图@d20cm | |
| 320 | @a有书目 (第164页) | |
| 330 | @a本书主要内容包括:企业定额的概念与作用、施工过程和工作时间研究、技术测定法、定额的理论计算法、定额编制的简易方法等。 | |
| 606 | 0 | @a企业管理@Aqi ye guan li@x定额@x编制 |
| 690 | @aF273@v4 | |
| 701 | 0 | @a袁建新@Ayuan jian xin@4编著 |
| 801 | 0 | @aCN@bQSSK@c20080126 |
| 905 | @b280828-29@dF273@eY897@f2 | |
| 企业定额编制原理与实务/袁建新编著.-北京:中国建筑工业出版社,2003.05 |
| 164页:图;20cm |
| ISBN 7-112-06080-X:CNY10.00 |
| 本书主要内容包括:企业定额的概念与作用、施工过程和工作时间研究、技术测定法、定额的理论计算法、定额编制的简易方法等。 |
| ● |
| 相关链接 |
|
|
|
正题名:企业定额编制原理与实务
索取号:F273/Y897
 
预约/预借
| 序号 | 登录号 | 条形码 | 馆藏地/架位号 | 状态 | 备注 |
| 1 | 280828 | 202808284 | 社科库409/409社科库 91排3列5层/ [索取号:F273/Y897] | 在馆 | |
| 2 | 280829 | 202808293 | 社科库409/409社科库 91排3列5层/ [索取号:F273/Y897] | 在馆 |